000 00826nam a2200253 a 4500
001 BRL_1609
005 20190320211303.0
008 110414s2001----u--ao#####---#000-0#eng-#
020 _a0878465952
041 _aeng
044 _au
084 _aNK805
_b.A44 2001
245 1 0 _aAmerican folk
_bfolk art from the collection of the Museum of Fine Arts, Boston
_cGerald W. R. Ward...[et al.]
260 _aBoston, Massachusetts
_bMFA Publications
_c2001
300 _a111 p.
_bil., fotografías (a color)
_c26 cm.
500 _aAu889
500 _aIncluye índice de artístas identificados
504 _aBibliografía: p. 106-108
650 1 4 _aArte popular
_zEstados Unidos
_925127
700 1 _aWard, Gerald W. R.
_ecoaut.
_927434
710 2 _aMuseum of the Fine Arts, Boston
_927435
902 _aGRL
942 _2lcc
_cB
999 _c10418
_d10418